All kinds of farms : (Record no. 9276)

MARC details
000 -LEADER
fixed length control field 00886nam a22002897a 4500
001 - CONTROL NUMBER
control field 9276
003 - CONTROL NUMBER IDENTIFIER
control field FISKH
005 - DATE AND TIME OF LATEST TRANSACTION
control field 20251209083306.0
008 - FIXED-LENGTH DATA ELEMENTS--GENERAL INFORMATION
fixed length control field 251209b cb ||||| |||| 00| 0 eng d
020 ## - INTERNATIONAL STANDARD BOOK NUMBER
International Standard Book Number 9780736828710
040 ## - CATALOGING SOURCE
Original cataloging agency FISKH
Language of cataloging eng
Transcribing agency FISKH
Modifying agency FISKH
050 ## - LIBRARY OF CONGRESS CALL NUMBER
Classification number SB357 .S5418
082 ## - DEWEY DECIMAL CLASSIFICATION NUMBER
Classification number 630
100 ## - MAIN ENTRY--PERSONAL NAME
Personal name Shepard, Daniel
Relator term Author
245 ## - TITLE STATEMENT
Title All kinds of farms :
Remainder of title Social studies /
Statement of responsibility, etc. by Daniel Shepard
260 ## - PUBLICATION, DISTRIBUTION, ETC.
Place of publication, distribution, etc. Minnesota :
Name of publisher, distributor, etc. Red Brick Learning ,
Date of publication, distribution, etc. 2004
300 ## - PHYSICAL DESCRIPTION
Extent 16 pages :
Other physical details Photographs ;
Dimensions 20 cm
490 ## - SERIES STATEMENT
Series statement Yellow Umbrella Books :
Volume/sequential designation Soc Studies - Level A
505 ## - FORMATTED CONTENTS NOTE
Formatted contents note E<br/>
520 ## - SUMMARY, ETC.
Summary, etc. Simple text and photographs introduce crops that grow in a variety of locations and climates.<br/>
521 8# - TARGET AUDIENCE NOTE
Target audience note 250<br/>
Source Lexile estimate<br/>
521 8# - TARGET AUDIENCE NOTE
Target audience note E<br/>
Source Raz-Plus<br/>
650 ## - SUBJECT ADDED ENTRY--TOPICAL TERM
Topical term or geographic name entry element Farm
Form subdivision Crops
650 ## - SUBJECT ADDED ENTRY--TOPICAL TERM
Topical term or geographic name entry element Harvest
Form subdivision Weather
942 ## - ADDED ENTRY ELEMENTS (KOHA)
Source of classification or shelving scheme Dewey Decimal Classification
Koha item type Books
Suppress in OPAC No
Holdings
Withdrawn status Lost status Source of classification or shelving scheme Damaged status Not for loan Collection Home library Current library Shelving location Date acquired Total Checkouts Full call number Barcode Date last seen Copy number Price effective from Koha item type
    Dewey Decimal Classification     Non-Fiction Footprints International School Library Network Toul Tom Poung Campus Footprints International School Library Network Toul Tom Poung Campus TTP Primary Green Bookshelves 12/09/2025   SHE 630 SB357 .S5418 FISTK02201 12/09/2025 1 12/09/2025 Books